| Tag |
First Indicator |
Second Indicator |
Subfields |
| LEADER |
00000cam a2200000 i 4500 |
| 001 |
in00000020845 |
| 005 |
20151007055509.0 |
| 008 |
750905s1976 maua j 00011 eng |
| 010 |
|
|
|a 75030610
|
| 020 |
|
|
|a 0316111937
|
| 035 |
|
|
|a (OCoLC)01659762
|
| 035 |
|
|
|9 AAB8411AM
|
| 040 |
|
|
|a DLC
|c DLC
|d m.c.
|d TXA
|d UtOrBLW
|
| 049 |
|
|
|a [Curr Col] TXAM
|c [A12554436]
|
| 050 |
0 |
0 |
|a PZ7.B81618
|b Ar
|
| 082 |
0 |
|
|a [E]
|
| 100 |
1 |
|
|a Brown, Marc Tolon.
|
| 245 |
1 |
0 |
|a Arthur's nose /
|c by Marc Brown.
|
| 250 |
|
|
|a [1st ed.].
|
| 264 |
|
1 |
|a Boston :
|b Little, Brown,
|c [1976]
|
| 264 |
|
4 |
|c ©1976
|
| 300 |
|
|
|a 32 unnumbered pages :
|b color illustrations ;
|c 26 cm.
|
| 336 |
|
|
|a text
|b txt
|2 rdacontent
|
| 337 |
|
|
|a unmediated
|b n
|2 rdamedia
|
| 338 |
|
|
|a volume
|b nc
|2 rdacarrier
|
| 500 |
|
|
|a "An Atlantic Monthly Press book."
|
| 520 |
|
|
|a Unhappy with his nose, Arthur visits the rhinologist to get a new one.
|
| 650 |
|
1 |
|a Nose
|x Fiction.
|
| 650 |
|
1 |
|a Animals
|x Fiction.
|
| 999 |
|
|
|a MARS
|
| 999 |
f |
f |
|s eb4681ee-7da3-30cd-aeed-0fd2b764f471
|i 042d1903-f796-363a-b393-568fbe5b14fa
|t 0
|
| 952 |
f |
f |
|p normal
|a Texas A&M University
|b College Station
|c Sterling C. Evans Library
|d Evans: Curriculum Collection (4th floor)
|t 0
|e PZ7.B81618 Ar
|h Library of Congress classification
|i unmediated -- volume
|m A14812554436
|
| 998 |
f |
f |
|a PZ7.B81618 Ar
|t 0
|l Evans: Curriculum Collection (4th floor)
|